000
00320nam a2200121Ia 4500
008
191201s2003 xx 000 0 und d
100
_a
BHARGAVA, M L
245
0
_a
Mathematics Text Book for XI (Solved Helpbook)
260
_a
N. Delhi
_b
Jeevan Sons Publication
_c
2003
300
_a
MISC
650
_a
Applied
942
_2
ddc
_c
BK
999
_c
77
_d
77